书目信息 |
| 题名: |
中和法
|
|
| 作者: | 汪葆濬 编 | |
| 分册: | ||
| 出版信息: | 北京 人民教育出版社 1964 |
|
| 页数: | 93页 | |
| 开本: | 21cm | |
| 丛书名: | ||
| 单 册: | ||
| 中图分类: | O655.22 | |
| 科图分类: | ||
| 主题词: | 分析化学 , 分析(化学) | |
| 电子资源: | ||
| ISBN: | ||
| 000 | 00619nam0 2200241 450 | |
| 001 | 0660805868 | |
| 005 | 20060515165805.48 | |
| 010 | @dCNY0.32 | |
| 091 | @aK13010.1124 | |
| 100 | @a20060515d1964 km y0chiy0120 ea | |
| 101 | 0 | @achi |
| 102 | @aCN@b110000 | |
| 102 | @aCN@b110000 | |
| 200 | 1 | @a中和法@Azhong he fa@f汪葆濬等编@Fwang bao xun deng bian |
| 210 | @a北京@c人民教育出版社@d1964 | |
| 215 | @a93页@d21cm | |
| 300 | @a高等学校教材 | |
| 606 | 0 | @a分析化学 |
| 606 | 0 | @a分析(化学) |
| 690 | @aO655.22@v3 | |
| 701 | 0 | @a汪葆濬@Awang bao xun@4编 |
| 801 | 0 | @aCN@bPFT@c20060515 |
| 905 | @a10447@dO655.22@e5 | |
| 中和法/汪葆濬等编.-北京:人民教育出版社,1964 |
| 93页;21cm |
| 高等学校教材 |
| ISBN :CNY0.32 |
| ● |
| 相关链接 |
|
|
|
|
正题名:中和法
索取号:O655.22/5
 
预约/预借
| 序号 | 登录号 | 条形码 | 馆藏地/架位号 | 状态 | 备注 |
| 1 | 0017247 | 202338265 | 密集书库/ [索取号:O655.22/5] | 在馆 |